000 00705nam a22002177a 4500
003 UA-OsUOA
001 53664
007 ta
008 20080411b un ||||| |||| 00| 0 ukr d
100 _aПолыщук Я.
090 _a82
_bП-12
942 _cSA
040 _aUA-OsUOA
_bukr
_cUA-OsUOA
_dUA-OsUOA
245 _aНаближення до трагеії (Модус трагічного в національній традиції і драматургія Лесі Українки)
300 _aС.117-126
955 _a0
041 _aukr
080 _a82
773 0 _w53663
_tСучасність
_dК.
_d2007
_g12
650 7 _a82 Література. Літературознавство
_2UDC
999 _c339752
_d339752